<?xml version="1.0" encoding="UTF-8"?>
<record
    xmlns:xsi="http://www.w3.org/2001/XMLSchema-instance"
    xsi:schemaLocation="http://www.loc.gov/MARC21/slim http://www.loc.gov/standards/marcxml/schema/MARC21slim.xsd"
    xmlns="http://www.loc.gov/MARC21/slim">

  <leader>00867cam a2200205   4500</leader>
  <controlfield tag="001">BUCI004893</controlfield>
  <controlfield tag="008">      t19731973ve     gr           spa  </controlfield>
  <datafield tag="035" ind1=" " ind2=" ">
    <subfield code="a">BUCI004893</subfield>
  </datafield>
  <datafield tag="050" ind1="0" ind2="0">
    <subfield code="a">BX1488.A5 </subfield>
    <subfield code="b">M34 1973</subfield>
  </datafield>
  <datafield tag="100" ind1="1" ind2=" ">
    <subfield code="a">Maldonado, Francisco Armando</subfield>
  </datafield>
  <datafield tag="245" ind1="1" ind2="0">
    <subfield code="a">Analectas de historia eclesi&#xE1;stica Venezolana :</subfield>
    <subfield code="b">Seis primeros obispos de la iglesia Venezolana en la &#xE9;poca hisp&#xE1;nica :</subfield>
    <subfield code="b">1532-1600 /</subfield>
    <subfield code="c">Francisco Armando Maldonado.</subfield>
  </datafield>
  <datafield tag="260" ind1=" " ind2=" ">
    <subfield code="a">Caracas :</subfield>
    <subfield code="b">Academia Nacional de la Historia,</subfield>
    <subfield code="c">1973</subfield>
  </datafield>
  <datafield tag="300" ind1=" " ind2=" ">
    <subfield code="a">lxiv, 521 p. ;</subfield>
    <subfield code="c">23 cm.</subfield>
  </datafield>
  <datafield tag="440" ind1=" " ind2="0">
    <subfield code="a">Biblioteca de la Academia Nacional de la Historia ; 117. Fuentes para la historia colonial de Venezuela</subfield>
  </datafield>
  <datafield tag="504" ind1=" " ind2=" ">
    <subfield code="a">Incluye &#xED;ndice.</subfield>
  </datafield>
  <datafield tag="650" ind1="1" ind2="0">
    <subfield code="a">Iglesia cat&#xF3;lica en Venezuela </subfield>
    <subfield code="x">Historia.</subfield>
  </datafield>
  <datafield tag="650" ind1="2" ind2="0">
    <subfield code="a">Obispos </subfield>
    <subfield code="x">Biograf&#xED;a </subfield>
    <subfield code="z">Venezuela</subfield>
  </datafield>
  <datafield tag="650" ind1="3" ind2="0">
    <subfield code="a">Sacerdotes </subfield>
    <subfield code="x">Biograf&#xED;a </subfield>
    <subfield code="z">Venezuela</subfield>
  </datafield>
  <datafield tag="942" ind1=" " ind2=" ">
    <subfield code="2">lcc </subfield>
    <subfield code="c">LIB</subfield>
  </datafield>
  <datafield tag="999" ind1=" " ind2=" ">
    <subfield code="c">74967</subfield>
    <subfield code="d">74967</subfield>
  </datafield>
  <datafield tag="952" ind1=" " ind2=" ">
    <subfield code="1">0</subfield>
    <subfield code="2">lcc</subfield>
    <subfield code="4">0</subfield>
    <subfield code="7">0</subfield>
    <subfield code="a">UCIH</subfield>
    <subfield code="b">UCIH</subfield>
    <subfield code="c">GENERAL</subfield>
    <subfield code="d">2018-07-11</subfield>
    <subfield code="f">1a. ed</subfield>
    <subfield code="k">EH</subfield>
    <subfield code="o">BX1488.A5 M34 1973</subfield>
    <subfield code="p">BCU000002188</subfield>
    <subfield code="r">2018-07-11 00:00:00</subfield>
    <subfield code="t">C:1</subfield>
    <subfield code="v">1.00</subfield>
    <subfield code="y">LIB</subfield>
  </datafield>
</record>
